000 00311nam a22001457a 4500
020 _a978-9352833962
041 _aENG
100 _aKhurmi
245 _aA textbook Engineering mechanics
250 _afirst ed
260 _aDelhi
_bS.Chand &Company Ltd
_c2000
300 _a840
650 _aFs
856 _uFS
999 _c251
_d251